Tỏi - gừng - hành: Gia vị phòng trị bệnh thông thường
Bewaard in:
| Hoofdauteur: | |
|---|---|
| Formaat: | Boek |
| Taal: | Undetermined |
| Gepubliceerd in: |
Hà Nội
Thanh Niên
1999
|
| Onderwerpen: | |
| Tags: |
Voeg label toe
Geen labels, Wees de eerste die dit record labelt!
|
| Thư viện lưu trữ: | Trung tâm Học liệu Trường Đại học Cần Thơ |
|---|
| LEADER | 00580nam a2200193Ia 4500 | ||
|---|---|---|---|
| 001 | CTU_40508 | ||
| 008 | 210402s9999 xx 000 0 und d | ||
| 020 | |b 35.000đ | ||
| 082 | |a 615.882 | ||
| 082 | |b H401 | ||
| 100 | |a Lâu, Kiến Hoa | ||
| 245 | 0 | |a Tỏi - gừng - hành: Gia vị phòng trị bệnh thông thường | |
| 245 | 0 | |c Lâu Kiến Hoa, Phương Hồng | |
| 260 | |a Hà Nội | ||
| 260 | |b Thanh Niên | ||
| 260 | |c 1999 | ||
| 650 | |a folk medicine | ||
| 904 | |i Minh, 010320 | ||
| 980 | |a Trung tâm Học liệu Trường Đại học Cần Thơ | ||